000
00422nam a2200133Ia 4500
008
100328s9999 xx 000 0 und d
082
_b
56281
100
_a
पेठे मेघना
245
_a
आंाळ्याच्या गायी
260
_b
राजहंस
630
_a
आंाळ्याच्या गायी
730
_a
आंाळ्याच्या गायी
942
_c
BOOK
999
_c
542860
_d
542857